Central Library OPAC University of Rajshahi

স্বাধীনতার সংগ্রামে বাঙলা / (Record no. 84319)

MARC details
000 -LEADER
fixed length control field 00812nam a2200217 a 4500
001 - CONTROL NUMBER
control field 84319
003 - CONTROL NUMBER IDENTIFIER
rucl marc code BD-RjUL
005 - DATE AND TIME OF LATEST TRANSACTION
control field 20241119101631.0
008 - FIXED-LENGTH DATA ELEMENTS--GENERAL INFORMATION
fixed length control field 241119s1954 bg ||||| |||| 00| 0 ben d
035 ## - SYSTEM CONTROL NUMBER
System control number (BD-RjUL)84319
040 ## - CATALOGING SOURCE
Original cataloging agency BD-RjUL
Language of cataloging eng
Transcribing agency BD-RjUL
041 ## - LANGUAGE CODE
Language code of text/sound track or separate title ben
082 ## - DEWEY DECIMAL CLASSIFICATION NUMBER
Edition number 23
Classification number 954.14
Author mark and year KAS 1954
100 ## - MAIN ENTRY--PERSONAL NAME
Personal name কবিরাজ, নরহরি.
9 (RLIN) 14312
245 ## - TITLE STATEMENT
Title স্বাধীনতার সংগ্রামে বাঙলা /
Statement of responsibility, etc. নরহরি কবিরাজ
260 ## - PUBLICATION, DISTRIBUTION, ETC. (IMPRINT)
Place of publication, distribution, etc. ঢাকা :
Name of publisher, distributor, etc. বাণী প্রকাশ,
Date of publication, distribution, etc. [১৯৫৪]
300 ## - PHYSICAL DESCRIPTION
Pagination ২৬৮ পৃ.;
Size ২২ সেমি.
650 ## - SUBJECT ADDED ENTRY--TOPICAL TERM
Topical term or geographic name as entry element বাংলা (ভারত)
Form subdivision ইতিহাস
Chronological subdivision ১৭৫৭-১৯৪৭
9 (RLIN) 14313
Topical term or geographic name as entry element Bengal (India)
Form subdivision History
Chronological subdivision 1757-1947
9 (RLIN) 14314
942 ## - ADDED ENTRY ELEMENTS (KOHA)
Source of classification or shelving scheme Dewey Decimal Classification
Koha item type Books
Holdings
Lost status Source of classification or shelving scheme Damaged status Not for loan Collection code Permanent Location Current Location Shelving location Date acquired Cost, normal purchase price Total Checkouts Full call number Date last seen Copy number Koha item type
  Dewey Decimal Classification   Not For Loan Non-fiction Central Library, University of Rajshahi Central Library, University of Rajshahi Reading Room 19/11/2024 32.00   B 954.14 KAS 1954 19/11/2024 C-1 Books